| 000 | 01069nas a2200325 4500 | ||
|---|---|---|---|
| 001 | BR9001029 | ||
| 003 | BR-BrBNA | ||
| 005 | 20231205091825.0 | ||
| 007 | ta | ||
| 008 | 230509b bl.|||p| |||| 00| 00por d | ||
| 040 |
_aBR-BrBNA _bpor _cBiblioteca Nacional de Agricultura |
||
| 041 | _a(Pt) | ||
| 072 | _aF61; P34 | ||
| 100 | 1 | _aPaula, M.A. | |
| 100 | 1 | _aSiqueira, J.O. | |
| 245 | 1 | _aA adicao de nitrato de amonio e superfosfato triplo a simbiose Glycine-Bradyrhizobium-Glomus macrocarpum | |
| 246 | 1 | _aAddition of ammonium nitrate and triple superphosphate and the Glycine-Bradyrhizobium-Glomus macrocarpum symbiosis | |
| 650 | _aSOJA | ||
| 650 | _aNUTRICAO VEGETAL | ||
| 650 | _aNITRATO DE AMONIO | ||
| 650 | _aSUPERFOSFATO TRIPLO | ||
| 650 | _aNODULACAO | ||
| 650 | _aMICORRIZA | ||
| 650 | _aRHIZOBIUM | ||
| 650 | _aFUNGO | ||
| 650 | _aSIMBIOSE | ||
| 773 | 0 |
_tRevista Brasileira de Ciencia do Solo (Brazil) _xISSN 0100-0683 _g(May-Aug 1989), v. 13(2) p. 155-162 _wBR9001029 |
|
| 909 |
_a202311 _bLúcia _c55 _dLúcia Elande |
||
| 942 |
_2AGRIS _n0 _cANA |
||
| 999 |
_c127582 _d127582 |
||